00690nam a2200241 a 4500001001300000003000900013005001700022008004100039020001000080082001600090100001900106245003500125260002900160300000900189500003500198505002800233650002500261700001900286902000800305942000700313952011100320999001700431nice12345678IN_TiNIC20260116014932.0050524s1966 lona grp 000 0 eng  ac10000a201.65bBAR aBarbour, Ian G aIssues in Science and Religion aLondonbScm Press c1966 a470p aincludes index and biblioraphy2 aForeign Parts 1701-1950 aScience and Religion1 aBarbour, Ian G bSRS cBK 00104070aHMIbHMId2011-04-06g100.00l5o201.65 BARp11001402r2019-09-11s2019-08-13w2026-01-16yEB c17616d17616